Представление документа в формате RUSMARC

ПолеНазваниеЗначение
  Тип записи a
  Библиографический уровень m
001 Контрольный номер RU/УГОНБ/EK/76836
005 Дата корректировки 20220304195458.8
010 Индекс ISBN __
d Цена 30 к.
9 Тираж 3000 экз.
100 Данные общей обработки __
a Данные общей обработки 20010522d1968 u u0rusy0189 ca
101 Язык документа 0_
a Язык текста rus
105 Кодированные данные (монография) __
a Кодированные данные (монография) y z 000yy
200 Заглавие и сведения об ответственности 1_
a Заглавие Идейные истоки и реакционная сущность антикоммунизма в вопросах теории государства
f Первые сведения об ответственности М-во высш. и сред. спец. образования РСФСР, Сарат. юрид. ин-т им. Д.И. Курского
210 Выходные данные 1_
a Место издания Саратов
c Издательство Сарат. ун-т
d Дата издания 1968
215 Физическое описание __
a Объем 84 с.
d Формат 20 см
606 Тематические рубрики 0_
a Основная рубрика Государство и право
x Основная подрубрика Буржуазные теории
610 Ключевые слова 0_
a Ключевые слова государство и право
610 Ключевые слова 0_
a Ключевые слова буржуазные теории
686 Индексы других классификаций __
a Классификационный индекс 34
2 Код системы rubbk
700 Автор _1
a Фамилия Байтин
b Имя (инициалы) М.И.
g Полное личное имя Михаил Иосифович
712 Наименование организации (Вторичная ответственность) 02
a Организация/ юрисдикция Министерство высшего и среднего специального образования РСФСР
4 Код отношения 570
712 Наименование организации (Вторичная ответственность) 02
a Организация/ юрисдикция Саратовский юридический институт им. Д.И. Курского
4 Код отношения 570
801 Источник записи _0
a Страна RU
b Организация Ульяновская ОНБ
c Дата составления 20010522
g Правила каталогизации PSBO
801 Источник записи _1
a Страна RU
b Организация Ульяновская ОНБ
c Дата составления 20010522
901 Тип документа __
t Тип документа m
938 Служебная информация __
a Имя БД books
b Имя библиотеки УОНБ
c Имя АИБС МАРК-SQL
d Номер DOC_ID в БД 195661